000 00707nam a22002537a 4500
001 47093
003 UA-OsUOA
005 20200219163011.0
007 ta
008 20120531b un ||||| |||| 00| 0 ukr d
040 _aUA-OsUOA
_bukr
_cUA-OsUOA
_dUA-OsUOA
041 _aukr
080 _a09.-94(71)
090 _a09.-94(71)
_bБ67
100 _aБичинський З.
245 _aІсторія Канади
260 _aВінніпег
_c1928
300 _a222 с.
650 7 _a0 Загальний відділ.
_2UDC
942 _cBK
_2udc
955 _a1
999 _c427213
_d427213